000 00216nam a22000857a 4500
008 170302b xxu||||| |||| 00| 0 eng d
100 _93004
_aDickens.C
245 _aA Tale of Two Cities
260 _aNew Delhi
_bS.Chand
_c2010
999 _c6247
_d6247